MARC details
| 000 -LEADER |
| campo de control de longitud fija |
02040cam a2200445Ia 4500 |
| 001 - NÚMERO DE CONTROL |
| campo de control |
41085 |
| 005 - FECHA Y HORA DE LA ÚLTIMA TRANSACCIÓN |
| campo de control |
20230411085956.0 |
| 008 - DATOS DE LONGITUD FIJA--INFORMACIÓN GENERAL |
| campo de control de longitud fija |
981013s1997 cl a b 000 0 spa d |
| 035 ## - NÚMERO DE CONTROL DEL SISTEMA |
| Número de control de sistema |
(OCoLC)ocm40104275 |
| 040 ## - FUENTE DE CATALOGACIÓN |
| Centro catalogador/agencia de origen |
INU |
| Centro/agencia transcriptor |
INU |
| Centro/agencia modificador |
OCL |
| -- |
PIT |
| -- |
DIBAM |
| -- |
LILAC |
| 029 1# - OTRO NÚMERO DE CONTROL DE SISTEMA (OCLC) |
| Identificador de la biblioteca OCLC |
NLGGC |
| Número de control de sistema |
243411308 |
| 029 1# - OTRO NÚMERO DE CONTROL DE SISTEMA (OCLC) |
| Identificador de la biblioteca OCLC |
LILAC |
| Número de control de sistema |
377130 |
| 035 ## - NÚMERO DE CONTROL DEL SISTEMA |
| Número de control de sistema |
(OCoLC)40104275 |
| 043 ## - CÓDIGO DE ÁREA GEOGRÁFICA |
| Código de área geográfica |
cl----- |
| 090 ## - LOCALMENTE ASIGNADO TIPO-LC NÚMERO DE CLASIFICACIÓN (OCLC); NÚMERO DE CLASIFICACIÓN LOCAL (RLIN) |
| Número de clasificación (OCLC) (R) ; Numero de clasificación, CALL (RLIN) (NR) |
HQ 1460.5 |
| Número cutter local (OCLC) ; Número de libro/Signatura topográfica íntegra, CALL (RLIN) |
C59 1997 |
| 049 ## - FONDOS LOCALES (OCLC) |
| Biblioteca depositaria |
GRAL |
| 245 03 - MENCIÓN DEL TÍTULO |
| Título |
La ciudadanâia a debate / |
| Mención de responsabilidad, etc. |
Eugenia Hola y Ana Marâia Portugal, editoras. |
| 260 ## - PUBLICACIÓN, DISTRIBUCIÓN, ETC. |
| Lugar de publicación, distribución, etc. |
Santiago, Chile : |
| Nombre del editor, distribuidor, etc. |
Isis Internacional, |
| Fecha de publicación, distribución, etc. |
1997. |
| 300 ## - DESCRIPCIÓN FÍSICA |
| Extensión |
159 p. : |
| Otras características físicas |
ill. ; |
| Dimensiones |
24 cm. |
| 440 #0 - MENCIÓN DE SERIE/PUNTO DE ACCESO ADICIONAL--TÍTULO |
| Título |
Ediciones de las mujeres, |
| Número Internacional Normalizado para Publicaciones Seriadas |
0716-8101 ; |
| Designación de volumen o secuencia |
no. 25 |
| 504 ## - NOTA DE BIBLIOGRAFÍA, ETC. |
| Nota de bibliografía, etc. |
Includes bibliographical references. |
| 505 0# - NOTA DE CONTENIDO CON FORMATO |
| Nota de contenido con formato |
Presentaciâon -- Introducciâon / Eugenia Hola -- Debates sobre comunitarismo, moralidad y polâiticas de identidad / Maxine Molyneux -- Mujeres, ciudadanâia y diferencia -- Nira Yuval-Davis -- Un debate feminista en curso / Virginia Vargas -- Los derechos y la cultura de gâenero / Elizabeth Jelin -- El maternalismo en las polâiticas sociales / Rosario Aguirre -- Pueden los ciudadanos tener familia? / Jeanine Anderson -- Los derechos reproductivos como derechos ciudadanos / Bâerengáere Marques-Pereira -- Las trabajadoras interpelan a la sociedad brasileäna / Paola Cappelin. |
| 650 #0 - PUNTO DE ACCESO ADICIONAL DE MATERIA--TÉRMINO DE MATERIA |
| Término de materia o nombre geográfico como elemento de entrada |
Feminism |
| Subdivisión general |
Political aspects |
| Subdivisión geográfica |
Latin America. |
| 650 #0 - PUNTO DE ACCESO ADICIONAL DE MATERIA--TÉRMINO DE MATERIA |
| Término de materia o nombre geográfico como elemento de entrada |
Women's rights |
| Subdivisión geográfica |
Latin America. |
| 650 #0 - PUNTO DE ACCESO ADICIONAL DE MATERIA--TÉRMINO DE MATERIA |
| Término de materia o nombre geográfico como elemento de entrada |
Latin American women |
| Subdivisión general |
Social conditions. |
| 650 #7 - PUNTO DE ACCESO ADICIONAL DE MATERIA--TÉRMINO DE MATERIA |
| Término de materia o nombre geográfico como elemento de entrada |
CIUDADANIA |
| Subdivisión geográfica |
AMERICA LATINA. |
| Fuente del encabezamiento o término |
renib |
| 650 #7 - PUNTO DE ACCESO ADICIONAL DE MATERIA--TÉRMINO DE MATERIA |
| Término de materia o nombre geográfico como elemento de entrada |
PARTICIPACION DE LA MUJER |
| Subdivisión geográfica |
AMERICA LATINA. |
| Fuente del encabezamiento o término |
renib |
| 650 #7 - PUNTO DE ACCESO ADICIONAL DE MATERIA--TÉRMINO DE MATERIA |
| Término de materia o nombre geográfico como elemento de entrada |
FEMINISMO |
| Subdivisión geográfica |
AMERICA LATINA. |
| Fuente del encabezamiento o término |
renib |
| 650 #7 - PUNTO DE ACCESO ADICIONAL DE MATERIA--TÉRMINO DE MATERIA |
| Término de materia o nombre geográfico como elemento de entrada |
MUJERES |
| Subdivisión geográfica |
AMERICA LATINA |
| Subdivisión general |
CONDICIONES SOCIALES. |
| Fuente del encabezamiento o término |
renib |
| 650 17 - PUNTO DE ACCESO ADICIONAL DE MATERIA--TÉRMINO DE MATERIA |
| Término de materia o nombre geográfico como elemento de entrada |
Moral. |
| Fuente del encabezamiento o término |
dcs |
| 650 17 - PUNTO DE ACCESO ADICIONAL DE MATERIA--TÉRMINO DE MATERIA |
| Término de materia o nombre geográfico como elemento de entrada |
Mujeres. |
| Fuente del encabezamiento o término |
dcs |
| 650 17 - PUNTO DE ACCESO ADICIONAL DE MATERIA--TÉRMINO DE MATERIA |
| Término de materia o nombre geográfico como elemento de entrada |
Sexo. |
| Fuente del encabezamiento o término |
dcs |
| 650 17 - PUNTO DE ACCESO ADICIONAL DE MATERIA--TÉRMINO DE MATERIA |
| Término de materia o nombre geográfico como elemento de entrada |
Reproduccion. |
| Fuente del encabezamiento o término |
dcs |
| 650 27 - PUNTO DE ACCESO ADICIONAL DE MATERIA--TÉRMINO DE MATERIA |
| Término de materia o nombre geográfico como elemento de entrada |
Chile. |
| Fuente del encabezamiento o término |
dcs |
| 700 1# - ENTRADA AGREGADA--NOMBRE PERSONAL |
| Nombre de persona |
Hola A., Eugenia. |
| 700 1# - ENTRADA AGREGADA--NOMBRE PERSONAL |
| Nombre de persona |
Portugal, Ana Marâia. |
| 710 2# - ENTRADA AGREGADA--NOMBRE DE ENTIDAD CORPORATIVA |
| Nombre de entidad corporativa o nombre de jurisdicción como elemento de entrada |
Isis International. |
| 942 ## - ELEMENTOS DE ENTRADA SECUNDARIOS (KOHA) |
| Fuente del sistema de clasificación o colocación |
Clasificación de Library of Congress |
| Tipo de ítem Koha |
|
| 994 ## - |
| -- |
C0 |
| -- |
DRFGD |